000 00469nam a2200157 4500
001 138721
003 ES-MaACL
005 20230906195624.0
007 t|
008 070214s1948 it r ||||1| ita d
100 1 _aSantoni Rugiu, Mario.
_9103450
245 1 3 _aIl nuovo Diritto costituzionale italiano /
_cMario Santoni Rugiu.
260 _aRoma :
_bOrganizzazione Ed. Tip.,
_c1948 (
_fApollon)
300 _a249 p. ;
_c21 cm.
852 _aES-MaACL
_jB-12795
_bR.27186
999 _c138721
_d138721